• 首页
  • 本馆介绍
  • 公告通知
  • 最新文献
  • 馆藏检索
  • 电子资源
  • 读者导购
  • 参考咨询
  • 我的图书馆
  • 登录
  • 详细信息显示
  • 放入我的书架
  • 预约/预借图书
  • 作者相关作品
  • 分类相关作品
  • 丛书相关作品
  • 出版社相关作品

书目信息

  • 表格格式
  • 工作单格式
  • 卡片格式
题名:
电子琴和弦图典
    
 
作者: 马行乾 编著
分册:  
出版信息: 北京   学苑出版社  2000
页数: 593页
开本: 19cm
丛书名:
单 册:
中图分类: J628.1
科图分类:
主题词: 电子琴--理论 , 器乐--奏法 , 器乐--演奏
电子资源:
ISBN: 7-5077-1586-8
000 00672nam0 2200229 45
001 0107101563
005 20031219104057.0
010    @a7-5077-1586-8@dCNY25.00
100    @a20010710d2000 km y0chiy0120 ea
101 0  @achi
105    @a z 000yy
200 1  @a电子琴和弦图典@ADian Zi Qin He Xian Tu Dian@e汉英对照@EHan Ying Dui Zhao@f马行乾编著@FMa Xing Qian Bian Zhu
210    @a北京@c学苑出版社@d2000
215    @a593页@d19cm
517    @a汉英对照@AHan Ying Dui Zhao
606 0  @a电子琴@x理论
606 0  @a器乐@x奏法
606 0  @a器乐@x演奏
690    @aJ628.1@v4
701  0 @a马行乾@4编著
801    @aCN@bTSTC@c20010710
905    @b313665-667@dJ628.1@e101@f3
    
    电子琴和弦图典:汉英对照/马行乾编著.-北京:学苑出版社,2000
    593页;19cm
    
    
    ISBN 7-5077-1586-8:CNY25.00
    
●
相关链接 在E读中查询图书 在五车中查询图书 在当当中查询图书 在豆瓣中查询图书


正题名:电子琴和弦图典     索取号:J628.1/101         预约/预借

序号 登录号 条形码 馆藏地/架位号 状态 备注
1 0313665   203136659   第一借阅区/ [索取号:J628.1/101] 在馆    
2 0313666   203136668   第一借阅区/ [索取号:J628.1/101] 在馆    
3 0313667   203136677   第一样本阅览室/ [索取号:J628.1/101] 在馆    
唐山师范学院图书馆 欢迎您!
大连网信软件有限公司© 版权所有